000
00251nam a2200097Ia 4500
001
726460
005
20250826163429.0
008
250824s9999 xx 000 0 und d
245
0
_a
KAFAMDA DELİ SORULAR
_c
RAFET SERTOĞLU
260
_b
ATLIKARINCA YAYINLARI
999
_c
726460
_d
726460